| 000 | 00454nam a22001577a 4500 | ||
|---|---|---|---|
| 999 |
_c6011 _d6009 |
||
| 005 | 20210906122438.0 | ||
| 008 | 190918b xxu||||| |||| 00| 0 eng d | ||
| 020 | _a81-239-1455-5 | ||
| 041 | _aeng | ||
| 100 |
_aGUPTA,ASHOK K AND JAIN, V.K. _96493 |
||
| 245 | _aPHARMACUTICS - I (Dispensing Pharmacy)PRACTICAL NOTE BOOK | ||
| 260 |
_aNEW DELHI _bC.B.S. PUBLISHERS AND DISTRYBUTORS PVT. LTD |
||
| 300 | _a207p, | ||
| 650 |
_aPHARMACY _96881 |
||
| 942 | _cBK | ||